00877nam a22002531i 4500001000200000003000900002005001700011008004100028016001600069035001300085040002200098041001100120080000600131100003800137245015000175260004100325300003600366700002900402700002500431942001200456952009800468956004000566999001700606 DO-SdBNP20170118155802.0930725s1975 xxr spa 7 a z 2BPMSU a(OCoLC)  aBPMSUbspacBPMSU1 aspah  0a 1 aMijalkov, Sergueï Vladimirovich10aDesde la carroza tarda hasta el cohete en volandas /h cSerguei Mijalkov ; Traducido del ruso por María Canovas ; Dibujos de Vitali Statsinski aMoscú : bEditoria Progreso,c1975 a10 h. con lám.bil. ; c28 cm1 aCánovas, Maríaetr. 1 aStatsinskii, Vitalii 2ddccBK 00102ddc40708CI-GaBPMETbBPMETd2017-01-18l0pBPMET17010738r2017-01-18w2017-01-18yBK a VMATEOb10c201701018dBPMSUf0069 c12521d12521